Úlohy, hry a cvičenia na rozvíjanie základných matematických predstáv porovnávanie a triedenie v súboroch podľa veľkosti, objemu, množstva a počtu

Podrobná bibliografia
Hlavní autori: Uherčíková, Viera (Autor), Haverlík, Ivan K. (Autor)
Médium: Článok
Jazyk:slovenčina
Fyzický popis:Obr.
Predmet:

MARC

LEADER 00000nab a2200000 a 4500
001 vtls000716200
003 SK-MaSNL
005 20260304120737.0
008 250429c19992000xo 0 slo
015 |a SNBRB2000/03-08723 
035 |a CLN000068367 
035 |a urn:nbn:sk:snk-abbt4y 
035 |a (urnnbn)urn:nbn:sk:snk:ar-002mra 
035 |a (uuid)e071fcc0-c5ed-4f10-965f-d5aaac45d7fc 
040 |a SNKBUCL  |b slo  |c SNKBUCL  |e AACR2 
041 0 |a slo 
044 |a xo  |c SK 
080 |a 37.03:159.937.52  |2 1997 
080 |a 159.937.52-053.2  |2 1997 
100 1 |a Uherčíková, Viera  |4 aut  |9 8353 
245 1 0 |a Úlohy, hry a cvičenia na rozvíjanie základných matematických predstáv  |b porovnávanie a triedenie v súboroch podľa veľkosti, objemu, množstva a počtu  |c Viera Uherčíková, Ivan K. Haverlík 
300 |b Obr. 
650 0 7 |a predstavy matematické  |2 snkbucl  |9 911652 
655 7 |a články z novín a časopisov  |2 snkbucl  |9 267496 
700 1 |a Haverlík, Ivan K.  |4 aut  |9 1376037 
773 0 |t Predškolská výchova  |g Roč. 54, č. 3 (1999/2000), s. 34-39 
850 |a Slovenská národná knižnica 
852 |a Slovenská národná knižnica 
954 |a odborná, vedecká literatúra pôvodná (slovenská)  |2 lita 
958 |a article15 
958 |a OND 
958 |a SK 
958 |a EUIPO 
992 |a RBX 
999 |c 2881289  |d 2883219